OMHA AAA Teams - Statistics

General Stats
  • This quiz has been taken 62 times
    35 since last reset
  • The average score is 17 of 21
Answer Stats
Answer % Correct
Burlington Eagles
100%
Hamilton Steel
100%
Niagara North Stars
100%
Southern Tier Admirals
100%
Credit River Capitals
89%
Oakville Rangers
89%
Peterborough Petes
89%
York Simcoe Express
89%
Ajax Pickering Raiders
78%
Barrie Colts
78%
Grey-Bruce Highlanders
78%
Halton Hurricanes
78%
Kingston Gaels
78%
Markham Waxers
78%
North Central Predators
78%
Quinte Red Devils
78%
Whitby Wildcats
78%
Central Ontario Wolves
67%
Guelph Gryphons
67%
North Shore Whitecaps
67%
Buffalo Regals
56%
No matching quizzes found
Score Distribution
Percent of People with Each Score
Percentile by Number Answered
Your Score History
You have not taken this quiz since the last reset